[Event "IECG CP.2000.S.00004 email"]
[Site "IECG email"]
[Date "2002.10.01"]
[Round "?"]
[White "Truyens, Aime"]
[Black "Fazilleau, Jerome"]
[Result "1/2-1/2"]
[WhiteElo "2174"]
[BlackElo "1924"]
[PlyCount "97"]
[EventDate "2002.10.01"]
[EventType "tourn (corr)"]
[EventRounds "6"]
[EventCountry "FRA"]
[SourceTitle "Corr 2008"]
[Source "ChessBase"]
[SourceDate "2008.06.24"]
[SourceVersion "1"]
[SourceVersionDate "2008.06.24"]
[SourceQuality "1"]

1. Nf3 c5 2. g3 Nc6 3. Bg2 g6 4. 0-0 Bg7 5. d3 Nf6 6. Nbd2 0-0 7. e4 d6 8. a4 e5 9. Nc4 h6 10. Re1 Be6 11. Qe2 Qc7 12. c3 a6 13. Nfd2 b5 14. Ne3 Ne7 15. b3 Rfb8 16. Ba3 bxa4 17. bxa4 Nd7 18. Bc1 Ra7 19. Ra3 Nf6 20. f4 exf4 21. gxf4 Bd7 22. Qf2 Bc6 23. d4 cxd4 24. cxd4 Nd7 25. d5 Ba8 26. Ndc4 Nb6 27. Nxb6 Rxb6 28. Ra2 Bd4 29. Rc2 Qd7 30. Bb2 Qxa4 31. Bxd4 Qxd4 32. e5 Kh7 33. Rd1 Qa4 34. Nc4 Rb8 35. Nxd6 Rc7 36. Rcd2 Rb2 37. Ne8 Rxd2 38. Nf6+ Kg7 39. Qxd2 Rc2 40. Qd4 Qa2 41. Be4 Nf5 42. Ne8+ Kg8 43. Qa1 Qb3 44. Nf6+ Kg7 45. Rd3 Qc4 46. Qe1 Rc1 47. Rd1 Rxd1 48. Qxd1 Ne3 49. Qf3 1/2-1/2

[Event "IECG CP.2002.P.00055 email"]
[Site "IECG email"]
[Date "2002.10.01"]
[Round "?"]
[White "Vodanovic, Boris"]
[Black "Fazilleau, Jerome"]
[Result "0-1"]
[WhiteElo "800"]
[BlackElo "1924"]
[PlyCount "49"]
[EventDate "2002.10.01"]
[EventType "tourn (corr)"]
[EventRounds "6"]
[EventCountry "FRA"]
[SourceTitle "Corr 2008"]
[Source "ChessBase"]
[SourceDate "2008.06.24"]
[SourceVersion "1"]
[SourceVersionDate "2008.06.24"]
[SourceQuality "1"]

1. e4 c5 2. Nf3 d6 3. d4 cxd4 4. Nxd4 Nf6 5. Nc3 a6 6. Be2 e5 7. Nb3 Be7 8. 0-0 0-0 9. Be3 Be6 10. f3 Nbd7 11. Qd2 Nb6 12. Rfd1 d5 13. exd5 Nbxd5 14. Nxd5 Nxd5 15. Bf2 Qc7 16. c3 Rfd8 17. Qe1 a5 18. Kh1 a4 19. Nd2 a3 20. b3 Nxc3 21. Rdc1 Bb4 22. Ne4 Rac8 23. Qf1 Qa5 24. Be1 Nxe4 25. Bxb4 0-1

[Event "IECG WC.2005.P.00011 email"]
[Site "IECG email"]
[Date "2002.01.29"]
[Round "?"]
[White "Bengtsson, Ulf"]
[Black "Fazilleau, Jerome"]
[Result "0-1"]
[WhiteElo "2045"]
[BlackElo "1725"]
[PlyCount "36"]
[EventDate "2002.01.29"]
[EventType "tourn (corr)"]
[EventRounds "12"]
[SourceTitle "Corr 2008"]
[Source "ChessBase"]
[SourceDate "2008.06.24"]
[SourceVersion "1"]
[SourceVersionDate "2008.06.24"]
[SourceQuality "1"]

1. e4 c5 2. Nf3 d6 3. d4 cxd4 4. Nxd4 Nf6 5. Nc3 a6 6. Bg5 e6 7. f4 Qb6 8. Nb3 Be7 9. Qf3 Nbd7 10. 0-0-0 Qc7 11. Bd3 b5 12. a3 Bb7 13. Rhe1 Nc5 14. Qh3 0-0-0 15. f5 h6 16. Bh4 e5 17. Kb1 Kb8 18. Bf2 g6 0-1

[Event "IECG WC.2005.P.00011 email"]
[Site "IECG email"]
[Date "2002.01.29"]
[Round "?"]
[White "Seipel, Andreas"]
[Black "Fazilleau, Jerome"]
[Result "1-0"]
[WhiteElo "2198"]
[BlackElo "1725"]
[PlyCount "93"]
[EventDate "2002.01.29"]
[EventType "tourn (corr)"]
[EventRounds "12"]
[SourceTitle "Corr 2008"]
[Source "ChessBase"]
[SourceDate "2008.06.24"]
[SourceVersion "1"]
[SourceVersionDate "2008.06.24"]
[SourceQuality "1"]

1. d4 Nf6 2. c4 g6 3. Nc3 Bg7 4. e4 d6 5. Nge2 0-0 6. Ng3 e5 7. d5 a5 8. h4 h5 9. Bg5 c6 10. Be2 Qb6 11. Qd2 Re8 12. Be3 c5 13. f3 Bd7 14. 0-0-0 Na6 15. Rdg1 a4 16. Nf1 Nc7 17. g4 Qa5 18. gxh5 Nxh5 19. Ng3 Nf4 20. h5 a3 21. b3 Nh3 22. Nf5 Nxg1 23. Rxg1 gxf5 24. Bh6 f4 25. Rxg7+ Kh8 26. Rxf7 Bh3 27. Bg5 Kg8 28. Rf6 Rf8 29. Rxd6 Ra6 30. Rd8 Ra8 31. Rxf8+ Rxf8 32. Be7 Re8 33. Bf6 Bd7 34. d6 Na6 35. Qd5+ Re6 36. Bxe5 Nb4 37. Qd1 Nd3+ 38. Qxd3 Rxe5 39. Nd5 Qe1+ 40. Qd1 Qxd1+ 41. Bxd1 Re6 42. e5 Kf7 43. Nf6 Rxe5 44. Nxd7 Rxh5 45. Nb6 Rh2 46. Nd5 Ke8 47. b4 1-0

[Event "IECG WC.2005.P.00011 email"]
[Site "IECG email"]
[Date "2002.01.29"]
[Round "?"]
[White "Sprik, Sander"]
[Black "Fazilleau, Jerome"]
[Result "1/2-1/2"]
[WhiteElo "1408"]
[BlackElo "1725"]
[PlyCount "51"]
[EventDate "2002.01.29"]
[EventType "tourn (corr)"]
[EventRounds "12"]
[SourceTitle "Corr 2008"]
[Source "ChessBase"]
[SourceDate "2008.06.24"]
[SourceVersion "1"]
[SourceVersionDate "2008.06.24"]
[SourceQuality "1"]

1. e4 c5 2. Nf3 d6 3. d4 cxd4 4. Nxd4 Nf6 5. Nc3 a6 6. Be3 Ng4 7. Bg5 h6 8. Bh4 g5 9. Bg3 Bg7 10. Be2 h5 11. h4 Nc6 12. Nb3 gxh4 13. Rxh4 Be6 14. Qd2 Qb6 15. Nd5 Bxd5 16. exd5 Nce5 17. 0-0-0 Ng6 18. Rh3 Bh6 19. f4 Qe3 20. Bxg4 Qxd2+ 21. Nxd2 hxg4 22. Rh2 Kd7 23. Rdh1 Bg7 24. Rh7 Rxh7 25. Rxh7 Rh8 26. Rxh8 1/2-1/2

[Event "IECG CP.2000.Q.00025"]
[Site "IECG email"]
[Date "2001.10.01"]
[Round "?"]
[White "Fazilleau, Jerome"]
[Black "Nordin, Nils R"]
[Result "1-0"]
[WhiteElo "1582"]
[BlackElo "1909"]
[PlyCount "69"]
[EventDate "2001.10.01"]
[EventType "tourn (corr)"]
[EventRounds "6"]
[SourceTitle "Corr 2008"]
[Source "ChessBase"]
[SourceDate "2008.06.24"]
[SourceVersion "1"]
[SourceVersionDate "2008.06.24"]
[SourceQuality "1"]

1. e4 c5 2. Nf3 d6 3. d4 cxd4 4. Nxd4 Nf6 5. Nc3 a6 6. Bc4 g6 7. f3 Bg7 8. Be3 0-0 9. Qd2 Nc6 10. 0-0-0 Na5 11. Bb3 b5 12. h4 Nxb3+ 13. cxb3 Bd7 14. g4 Qa5 15. Kb1 b4 16. Nce2 Rfc8 17. h5 Rab8 18. hxg6 fxg6 19. Ng3 e5 20. Nc2 Be6 21. Qxd6 Re8 22. Qd2 Red8 23. Qh2 Rxd1+ 24. Rxd1 Bf8 25. Bh6 Qc5 26. Bg5 Ne8 27. Ne3 a5 28. Nd5 Rb7 29. Nf1 Bg7 30. Nfe3 Rd7 31. Rh1 Bh8 32. Qh4 Kf8 33. Rc1 Qb5 34. Qh6+ Rg7 35. Nf6 1-0